Sports Quiz

Random Sports or Soccer Quiz

Philadelphia Union 2010 Roster Quiz Stats

 Plays Quiz not verified by Sporcle

Challenge
Share
Tweet
Embed
Score 0/23 Timer 05:00
0 Plays Today
# Player % Correct
9Sebastien Le Toux
90.6%
4Danny Califf
87.5%
1Chris Seitz
85.9%
10Danny Mwanga
81.3%
7Fred
79.7%
2Jordan Harvey
70.3%
15Alejandro Moreno
67.2%
18Brad Knighton
67.2%
20Roger Torres
62.5%
22Justin Mapp
60.9%
16Michael Orozco Fiscal
57.8%
6Stefani Miglioranzi
56.3%
# Player % Correct
14Amobi Okugo
56.3%
19 Jack McInerney
53.1%
26Cristian Arrieta
50%
3 Juan Diego González Alzate
43.8%
11Shea Salinas
42.2%
13 Kyle Nakazawa
42.2%
21Eduardo Coudet
42.2%
8Andrew Jacobson
40.6%
12Toni Stahl
39.1%
23Nick Zimmerman
37.5%
17J.T. Noone
26.6%

You're not logged in!

Compare scores with friends on all Sporcle quizzes.
OR
Log In

You Might Also Like...

Show Comments

Extras

Top Quizzes Today


Score Distribution

Your Account Isn't Verified!

In order to create a playlist on Sporcle, you need to verify the email address you used during registration. Go to your Sporcle Settings to finish the process.

Report this User

Report this user for behavior that violates our Community Guidelines.

Details: